| 000 | 00819nam a2200241 i 4500 | ||
|---|---|---|---|
| 001 | 12200 | ||
| 003 | KOSZ 005 | ||
| 005 | 20191003112819.0 | ||
| 008 | 070620s1969 pl a f |000 0 pol | ||
| 015 | _aPB 1969/7366 | ||
| 040 |
_aWA N _cKOSZ 005/RW _dKOSZ 005/RW |
||
| 080 | _a622.32:622.2 | ||
| 100 | 1 |
_aParaszczak, Witold. _eAutor |
|
| 245 | 1 | 0 |
_aWiercenie kierowanych otworów pochyłych / _cWitold Paraszczak. |
| 260 |
_aKatowice: _bŚląsk, _c1969. |
||
| 300 |
_a75, [1] s. : _bil. ; _c23 cm. |
||
| 380 | _aKsiążki. | ||
| 650 | 4 |
_aRopa naftowa _xgórnictwo _xtechnika. |
|
| 650 | 4 |
_aWiertnictwo _xmetody. |
|
| 710 | 2 |
_aWydawnictwo "Śląsk" _4pbl. |
|
| 856 |
_uhttp://koha.tu.koszalin.pl/cgi-bin/koha/opac-detail.pl?biblionumber=12200 _yKatalog online BPK |
||
| 942 |
_2UKD _cKS |
||
| 999 |
_c12200 _d12200 |
||